Music Quiz

Random Music or Album Quiz
Score 0/9 Timer 04:00
0 Plays Today
Year Album Name % Correct
1977Aja
97.1%
1974Pretzel Logic
90.5%
1972Can't Buy A Thrill
89.3%
1980Gaucho
88.2%
1975Katy Lied
85.9%
1975The Royal Scam
84.5%
2000Two Against Nature
78.2%
1973Countdown to Ecstasy
75.8%
2003Everything Must Go
63%

You're not logged in!

Compare scores with friends on all Sporcle quizzes.
OR
Log In

Sporcle TV

Today on Sporcle TV


Watch our educational content, quiz creation guides, and fun videos on Sporcle TV.

Show Comments

Extras

Created Oct 9, 2009ReportNominate
Tags:Album Quiz, Singers Quiz, dan, Steely

Top Quizzes Today


Score Distribution

Paid Content

Your Account Isn't Verified!

In order to create a playlist on Sporcle, you need to verify the email address you used during registration. Go to your Sporcle Settings to finish the process.

Report this User

Report this user for behavior that violates our Community Guidelines.

Details: